<?xml version="1.0" encoding="UTF-8"?>
<record
    xmlns:xsi="http://www.w3.org/2001/XMLSchema-instance"
    xsi:schemaLocation="http://www.loc.gov/MARC21/slim http://www.loc.gov/standards/marcxml/schema/MARC21slim.xsd"
    xmlns="http://www.loc.gov/MARC21/slim">

  <leader>01077nmm a22002774a 4500</leader>
  <controlfield tag="003">BOLpUSFA</controlfield>
  <controlfield tag="005">20201007185420.0</controlfield>
  <controlfield tag="008">      t        bo     gq  d z      spa u</controlfield>
  <datafield tag="020" ind1=" " ind2=" ">
    <subfield code="a">9789942113931</subfield>
  </datafield>
  <datafield tag="041" ind1=" " ind2=" ">
    <subfield code="a">spa</subfield>
  </datafield>
  <datafield tag="100" ind1=" " ind2=" ">
    <subfield code="a">Gamucio, Mar&#xED;a Elena               </subfield>
  </datafield>
  <datafield tag="245" ind1=" " ind2=" ">
    <subfield code="a">Protocolo de diagn&#xF3;stico e intervenci&#xF3;n psicopedag&#xF3;gica : </subfield>
    <subfield code="b">diagn&#xF3;stico r&#xE1;pido 11-18 a&#xF1;os</subfield>
    <subfield code="h">[recurso electr&#xF3;nico]</subfield>
  </datafield>
  <datafield tag="260" ind1=" " ind2="s">
    <subfield code="a">s.l.: </subfield>
    <subfield code="b">Cl&#xED;nica Ambiental, </subfield>
    <subfield code="c">2012.</subfield>
  </datafield>
  <datafield tag="300" ind1=" " ind2=" ">
    <subfield code="a">54 p. : </subfield>
    <subfield code="b">il.</subfield>
  </datafield>
  <datafield tag="490" ind1=" " ind2=" ">
    <subfield code="a">Gu&#xED;a ; </subfield>
    <subfield code="v">No. 3</subfield>
  </datafield>
  <datafield tag="520" ind1=" " ind2=" ">
    <subfield code="a">La adolescencia es una construcci&#xF3;n social, por ello, la forma como se la comprende ha cambiado considerablemente con el transcurso de los a&#xF1;os y var&#xED;a tambi&#xE9;n de una regi&#xF3;n a otra.</subfield>
  </datafield>
  <datafield tag="650" ind1=" " ind2=" ">
    <subfield code="a">Diagn&#xF3;stico </subfield>
  </datafield>
  <datafield tag="650" ind1=" " ind2=" ">
    <subfield code="a">Psicopedag&#xF3;gico</subfield>
  </datafield>
  <datafield tag="650" ind1=" " ind2=" ">
    <subfield code="a">Educaci&#xF3;n</subfield>
  </datafield>
  <datafield tag="650" ind1=" " ind2=" ">
    <subfield code="a">Adolescencia</subfield>
  </datafield>
  <datafield tag="650" ind1=" " ind2=" ">
    <subfield code="a">Historia cl&#xED;nica </subfield>
  </datafield>
  <datafield tag="700" ind1=" " ind2=" ">
    <subfield code="a">Sol&#xED;z, Fernanda</subfield>
  </datafield>
  <datafield tag="700" ind1=" " ind2=" ">
    <subfield code="a">Valverde, Soledad </subfield>
  </datafield>
  <datafield tag="856" ind1=" " ind2=" ">
    <subfield code="u">http://biblioteca.usfa.edu.bo/cgi-bin/koha/opac-retrieve-file.pl?id=1a5acc35a15a0f4f3e172492299f2393</subfield>
  </datafield>
  <datafield tag="942" ind1=" " ind2=" ">
    <subfield code="2">ddc</subfield>
    <subfield code="c">DOCE</subfield>
    <subfield code="z">OPW; SHS</subfield>
  </datafield>
  <datafield tag="999" ind1=" " ind2=" ">
    <subfield code="c">3283</subfield>
    <subfield code="d">3283</subfield>
  </datafield>
</record>
